[Event "POL-chT U19 37th"]
[Site "Szklarska Poreba"]
[Date "2006.07.09"]
[Round "10.35"]
[White "Demidowicz, Maria"]
[Black "Radziewicz, Katarzyna"]
[Result "1/2-1/2"]
[WhiteElo "1961"]
[BlackElo "1979"]
[PlyCount "108"]
[EventDate "2006.07.02"]
[EventType "team-tourn"]
[EventRounds "11"]
[EventCountry "POL"]
[SourceTitle "EXT 2019"]
[Source "ChessBase"]
[SourceDate "2018.10.10"]
[SourceVersion "1"]
[SourceVersionDate "2018.10.10"]
[SourceQuality "1"]
[WhiteTeam "Gorzow Wielkopolski Stilon U19"]
[BlackTeam "Rybnik MKSz U19"]
[WhiteTeamCountry "POL"]
[BlackTeamCountry "POL"]

1. e4 g6 2. d4 Bg7 3. Nf3 d6 4. Be2 a6 5. a4 b6 6. 0-0 Bb7 7. Nc3 Nd7 8. Bf4 e6 9. Qd2 Ne7 10. Bh6 0-0 11. h4 Nf6 12. Bd3 Ng4 13. Bxg7 Kxg7 14. Qg5 Nh6 15. Ne2 Nc6 16. Qg3 Nb4 17. Nf4 Qe7 18. h5 e5 19. dxe5 dxe5 20. Nh3 Nxd3 21. cxd3 Rfe8 22. Nh4 Bc8 23. Rac1 c5 24. f4 Bxh3 25. gxh3 Kh8 26. hxg6 hxg6 27. Kh2 exf4 28. Rxf4 g5 29. Nf5 Qf6 30. Rf2 Nxf5 31. exf5 Rad8 32. Rg1 Rg8 33. Qf3 Qh6 34. Qe4 Rd4 35. Qe5+ f6 36. Qg3 Rh4 37. Qe3 Qh5 38. Rg3 Re8 39. Qf3 Qxf3 40. Rfxf3 Re2+ 41. Rg2 Rxg2+ 42. Kxg2 Rxa4 43. Re3 Rb4 44. Re7 Rxb2+ 45. Kf3 Kg8 46. Kg4 Kf8 47. Ra7 Rb3 48. Rxa6 Ke7 49. Ra7+ Kd6 50. Rf7 Rb4+ 51. Kh5 Ke5 52. Kg6 Rh4 53. Re7+ Kd4 54. Rd7+ Ke5 1/2-1/2

[Event "POL-chT U19 37th"]
[Site "Szklarska Poreba"]
[Date "2006.07.06"]
[Round "6.23"]
[White "Krasnodebska, Magdalena"]
[Black "Radziewicz, Katarzyna"]
[Result "1/2-1/2"]
[WhiteElo "1981"]
[BlackElo "1979"]
[PlyCount "102"]
[EventDate "2006.07.02"]
[EventType "team-tourn"]
[EventRounds "11"]
[EventCountry "POL"]
[SourceTitle "EXT 2019"]
[Source "ChessBase"]
[SourceDate "2018.10.10"]
[SourceVersion "1"]
[SourceVersionDate "2018.10.10"]
[SourceQuality "1"]
[WhiteTeam "Gliwice Politechnika Slaska U19"]
[BlackTeam "Rybnik MKSz U19"]
[WhiteTeamCountry "POL"]
[BlackTeamCountry "POL"]

1. d4 Nf6 2. Nc3 d5 3. Bg5 e6 4. e4 dxe4 5. Nxe4 Be7 6. Bxf6 Bxf6 7. Nf3 0-0 8. Qd2 Bd7 9. 0-0-0 Bc6 10. Nxf6+ Qxf6 11. h4 Nd7 12. Bd3 Qe7 13. Rh3 a5 14. Rg3 Kh8 15. Ng5 Nf6 16. Re1 Qb4 17. Be4 Qxd2+ 18. Kxd2 Bxe4 19. Nxe4 Rfd8 20. Nxf6 gxf6 21. Kd3 Ra6 22. c3 Rad6 23. Kc4 Rd5 24. Re4 f5 25. Re1 b5+ 26. Kb3 c5 27. dxc5 Rxc5 28. Kc2 Rcd5 29. Re2 Rd1 30. Rge3 Ra1 31. Re5 a4 32. Rxb5 Rdd1 33. Rd2 Rac1+ 34. Kd3 Rg1 35. g3 f4 36. Ke4 fxg3 37. Rd8+ Kg7 38. Rg5+ Kf6 39. Rxg3 Rge1+ 40. Re3 Rh1 41. Rf3+ Ke7 42. Ra8 Rxh4+ 43. Ke3 f5 44. Kd2 Ra1 45. a3 Rb1 46. Kc2 Re1 47. b3 Re2+ 48. Kd3 Ra2 49. Rxa4 Rxa4 50. bxa4 Rxa3 51. Rh3 Rxa4 1/2-1/2

[Event "POL-chT U19 37th"]
[Site "Szklarska Poreba"]
[Date "2006.07.05"]
[Round "5.23"]
[White "Radziewicz, Katarzyna"]
[Black "Zdziarska, Lidia"]
[Result "1/2-1/2"]
[WhiteElo "1979"]
[BlackElo "1934"]
[PlyCount "88"]
[EventDate "2006.07.02"]
[EventType "team-tourn"]
[EventRounds "11"]
[EventCountry "POL"]
[SourceTitle "EXT 2019"]
[Source "ChessBase"]
[SourceDate "2018.10.10"]
[SourceVersion "1"]
[SourceVersionDate "2018.10.10"]
[SourceQuality "1"]
[WhiteTeam "Rybnik MKSz U19"]
[BlackTeam "Wroclaw MUKS MDK Srodmiescie U19"]
[WhiteTeamCountry "POL"]
[BlackTeamCountry "POL"]

1. d4 d5 2. Nf3 Nf6 3. c4 c6 4. e3 dxc4 5. Bxc4 Bf5 6. Qb3 e6 7. Qxb7 Nbd7 8. 0-0 c5 9. Nc3 Be7 10. Re1 0-0 11. Qa6 Nb6 12. Rd1 Qc7 13. Nb5 Qb8 14. Bd3 Bg4 15. Bd2 cxd4 16. Nbxd4 Rc8 17. Rdc1 Bxf3 18. gxf3 Qe5 19. Qb5 Nfd5 20. f4 Qh5 21. Be2 Qg6+ 22. Kh1 Bh4 23. Rg1 Qf6 24. Rg2 Nxf4 25. exf4 Qxd4 26. Bc3 Rxc3 27. bxc3 Qxc3 28. Rag1 Bf6 29. f5 exf5 30. Qxf5 Rd8 31. Bf3 Rd2 32. Qe4 g6 33. Qe8+ Kg7 34. Be4 Re2 35. f4 Rxg2 36. Bxg2 Qd2 37. f5 Qxa2 38. fxg6 hxg6 39. Be4 Qe2 40. Rxg6+ fxg6 41. Qxg6+ Kf8 42. Qxf6+ Ke8 43. Bc6+ Nd7 44. Qh8+ Kf7 1/2-1/2

[Event "POL-chT U19 37th"]
[Site "Szklarska Poreba"]
[Date "2006.07.04"]
[Round "4.17"]
[White "Przezdziecka, Ewa"]
[Black "Radziewicz, Katarzyna"]
[Result "1/2-1/2"]
[WhiteElo "2066"]
[BlackElo "1979"]
[PlyCount "66"]
[EventDate "2006.07.02"]
[EventType "team-tourn"]
[EventRounds "11"]
[EventCountry "POL"]
[SourceTitle "EXT 2019"]
[Source "ChessBase"]
[SourceDate "2018.10.10"]
[SourceVersion "1"]
[SourceVersionDate "2018.10.10"]
[SourceQuality "1"]
[WhiteTeam "Legnica Miedz U19"]
[BlackTeam "Rybnik MKSz U19"]
[WhiteTeamCountry "POL"]
[BlackTeamCountry "POL"]

1. d4 Nf6 2. Nc3 g6 3. e4 d6 4. Bg5 Bg7 5. e5 Nfd7 6. f4 f6 7. exf6 Nxf6 8. Nf3 e6 9. Bc4 d5 10. Be2 a6 11. 0-0 Qd6 12. Kh1 Nc6 13. Ne5 Ne7 14. Bf3 Nd7 15. Bxe7 Qxe7 16. Ne2 Nxe5 17. fxe5 0-0 18. Qd2 c5 19. c3 Bd7 20. g3 Bb5 21. Bg4 Bxe2 22. Qxe2 c4 23. Rxf8+ Rxf8 24. Rf1 Rxf1+ 25. Qxf1 h6 26. h4 h5 27. Bh3 Bh6 28. Kg2 g5 29. hxg5 Bxg5 30. Qe2 Qf7 31. Kg1 Qg6 32. Kh2 Be7 33. Bg2 h4 1/2-1/2

[Event "POL-ch U16 Girls"]
[Site "Leba"]
[Date "2006.03.30"]
[Round "8"]
[White "Nowak, Malgorzata"]
[Black "Radziewicz, Katarzyna"]
[Result "1/2-1/2"]
[WhiteElo "1947"]
[BlackElo "1916"]
[PlyCount "73"]
[EventDate "2006.03.25"]
[EventType "swiss"]
[EventRounds "11"]
[EventCountry "POL"]
[SourceTitle "CBM 111 Extra"]
[Source "ChessBase"]
[SourceDate "2006.05.09"]
[SourceVersion "1"]
[SourceVersionDate "2006.05.09"]
[SourceQuality "1"]

1. d4 Nf6 2. c4 g6 3. Nc3 Bg7 4. e4 d6 5. Nf3 0-0 6. Be2 e5 7. 0-0 Qe8 8. d5 Nh5 9. Nd2 Nf4 10. b4 f5 11. c5 Nxe2+ 12. Qxe2 f4 13. f3 g5 14. Nb5 Qd8 15. Nc4 Rf6 16. g4 a6 17. Nc3 h5 18. h3 Rh6 19. Kg2 Kf7 20. Ba3 Bf8 21. cxd6 Bxd6 22. Nxd6+ cxd6 23. b5 Nd7 24. Rac1 b6 25. Bb4 axb5 26. Nxb5 Nc5 27. Bxc5 bxc5 28. Ra1 Ba6 29. a4 Qd7 30. Rfb1 Rah8 31. Rh1 Rb8 32. Rab1 Kg6 33. Qf1 hxg4 34. fxg4 Kg7 35. Rb3 Rf6 36. Kf3 Rh8 37. Qe2 1/2-1/2

[Event "POL-ch U16 Girls"]
[Site "Leba"]
[Date "2006.03.29"]
[Round "7"]
[White "Radziewicz, Katarzyna"]
[Black "Sobierska, Wioletta"]
[Result "1-0"]
[WhiteElo "1916"]
[BlackElo "1984"]
[PlyCount "65"]
[EventDate "2006.03.25"]
[EventType "swiss"]
[EventRounds "11"]
[EventCountry "POL"]
[SourceTitle "CBM 111 Extra"]
[Source "ChessBase"]
[SourceDate "2006.05.09"]
[SourceVersion "1"]
[SourceVersionDate "2006.05.09"]
[SourceQuality "1"]

1. d4 d5 2. Nf3 Nf6 3. c4 e6 4. Bg5 c6 5. Nc3 dxc4 6. a4 Bb4 7. Qc2 h6 8. Bh4 g5 9. Bg3 g4 10. Nd2 Bxc3 11. bxc3 b5 12. e4 Nbd7 13. Bh4 Qc7 14. e5 Nd5 15. Ne4 Nxe5 16. dxe5 Qxe5 17. Bg3 Nf4 18. 0-0-0 0-0 19. Qd2 Qxe4 20. Bxf4 e5 21. Bxh6 Bf5 22. Kb2 Rfb8 23. Re1 bxa4+ 24. Ka2 Qc2+ 25. Qxc2 Bxc2 26. Bxc4 Bb3+ 27. Bxb3 Rxb3 28. Rxe5 Rxc3 29. Rc1 Rb3 30. Rxc6 Rab8 31. Rc2 a3 32. Bc1 Rb1 33. Rg5+ 1-0